| 000 | 00945nam a22002777a 4500 | ||
|---|---|---|---|
| 003 | dpl | ||
| 005 | 20180714124520.0 | ||
| 008 | 180714b xxu||||| |||| 00| 0 eng d | ||
| 010 | _aA-262896 | ||
| 016 | _aA-262896 | ||
| 020 | _c30.00 | ||
| 035 | _aA-262896 | ||
| 037 | _bBPPD/PUB | ||
| 040 |
_aDPL _bHN _c0 |
||
| 082 |
_aउ _bवरेर |
||
| 100 | _aवरेरकर, मामा | ||
| 245 |
_aअतीत-गाथा / _cमामा वरेरकर |
||
| 260 |
_aनई दिल्ली _bविद्या प्रकाशन मंदिर _c1985 |
||
| 270 |
_a1681 दरियागंज _bनई दिल्ली _e110032 |
||
| 300 |
_a164पृ. _c19सेमी(सजिल्द) |
||
| 650 |
_aहिंदी साहित्य _942577 |
||
| 650 |
_aउपन्यास _942578 |
||
| 650 |
_aHindi literature _942579 |
||
| 650 |
_aFiction _98901 |
||
| 942 |
_2ddc _cHN _hउ _mवरेर |
||
| 999 |
_c154021 _d154021 |
||